Adtál neki érte tetőt [vers] /

Elmentve itt :
Bibliográfiai részletek
Szerző: Sinka István
Dokumentumtípus: Cikk
Megjelent: 1946
Sorozat:Gyakorlati pedagógia 9 No. 2-4
Kulcsszavak:Magyar irodalom - vers
Online Access:http://acta.bibl.u-szeged.hu/52640
LEADER 00581nab a2200169 i 4500
001 acta52640
005 20250325154828.0
008 180530s1946 hu o 000 hun d
040 |a SZTE Egyetemi Kiadványok Repozitórium  |b hun 
041 |a hun 
100 1 |a Sinka István 
245 1 0 |a Adtál neki érte tetőt   |h [elektronikus dokumentum] :  |b [vers] /  |c  Sinka István 
260 |c 1946 
300 |a 99-100 
490 0 |a Gyakorlati pedagógia  |v 9 No. 2-4 
695 |a Magyar irodalom - vers 
856 4 0 |u http://acta.bibl.u-szeged.hu/52640/1/gyakorlati_1946_002_004_099-100.pdf  |z Dokumentum-elérés